000 00453nam a2200145 a 4500
001 000044197
005 20201002045217.0
008 140609s2009 dr 000 0 spa d
020 _a9789945856125
040 _aDO-SdBNP
_bspa
_cBNPHU
100 1 _aRodríguez de Senior, Rosa Julia
_972204
245 1 0 _aCartas a mi ángel testimonio de amor /
_cRosa Julia Rodríguez de Senior.
260 _aSanto Domingo :
_bAzteca,
_c2009.
300 _a312 p. ;
_c22 cm.
999 _c43686
_d43686